000 01685nam a2200241Ia 4500
003 Ost
005 20260507074846.0
008 260507s9999||||xx |||||||||||||| ||und||
020 _a9789931606918
040 _cfsecg
041 _aara
082 _a368
100 _aمحديد، مليكة
_eمؤلف
245 0 _aالتأمينات على الأشخاص ودورها في الادخار الوطني /
_c مليكة محديد
260 _aتلمسان:
_bالمكتب الجامعي الحديث,
_c2017
300 _a332 صفحة؛
_bإيضاحات ؛
_c24 سم
504 _aببليوغرافيا: ص.325-327
520 _aيضم تطبيقات تأمينات على الأشخاص على المستوى العالمي، الارتباط الوثيق لأسواق التأمينات الدول الغربية، أسواق تأمينات الأشخاص عند البلدان السائرة في طريق النمو، تزاوج وتقارب الجهاز المصرفي بالتأمين وتجربة بنوك التأمين في العالم، تجربة الجزائر في التأمينات على الأشخاص ومقارنتها مع الدول المغاربية، المكانة الاقتصادية والاجتماعية لتأمينات الأشخاص في الجزائر، تطبيقات تأمينات الأشخاص في الجزائر ومقارنتها بالدول المغاربية، آفاق تطوير بنك التأمين عند الدول المغاربية عموما والجزائر خصوصا
653 _aالإدخار
653 _aالتأمين - البنوك
653 _aالتأمين على الأشخاص
942 _cكتاب
999 _c41538
_d41538